| 000 | 00574nam a2200241Ia 4500 | ||
|---|---|---|---|
| 008 | 190123s9999 xx 000 0 und d | ||
| 020 | _a9780545289023 | ||
| 050 | _bY63 2010 | ||
| 100 | _aYork, Vanessa | ||
| 245 | 2 | _aA bean plan grows / | |
| 245 | 0 | _cby Vanessa York. | |
| 260 | _aNew York, New York : | ||
| 260 | _bScholastic, | ||
| 260 | _c2010 | ||
| 300 | _a16 pages : | ||
| 300 | _bcolored illustrations ; | ||
| 300 | _c21cm. | ||
| 500 | _a320L | ||
| 650 | _aPlants -- | ||
| 650 | _aReader (Elementry). | ||
| 650 | _xDevelopment. | ||
| 700 | _aTitle. | ||
| 999 |
_c361001 _d361001 |
||